00678cam a22002291 4500001001300000003000400013005001700017008004100034010001700075035002000092040002100112042001200133050002000145100002200165245006200187250001300249260006300262300003000325500003200355600004400387999001700431sa 64008310 DLC20260227112053.0920305s1963 ii c b 000 0beng  asa 64008310  a(OCoLC)27414665 aDLCcPUdOCdDLC apremarc00aPR5473.S135bZ81 aPatwardhan, Daya.12aA star of India, Flora Annie Steel:bher works and times. a[1st ed. aBombay]bSole agents: A. V. Griha Prakashan, Poona,c1963. aiv, 219 p.bport.c22 cm. aBibliography: p. [209]-219.10aSteel, Flora Annie Webster,d1847-1929. c60801d60801